Rituale romanum (Registro nro. 88013)

Detalles MARC
000 -ENCABEZADO
Número de control [NR] 00645nam a22001817a 4500
008 - DE LONGITUD FIJA DE DATOS DE ELEMENTOS - INFORMACIÓN GENERAL
Elementos de longitud fija [NR] 130821s1892 gw gr ger
040 ## - FUENTE DE CATALOGACION [NR]
Agencia de catalogación original [NR] Co-BoUCM
Idioma de catalogación [NR] spa
041 00 - CODIGO DE IDIOMA [R]
Código de idioma para texto/pista de sonido o título separado [R] Alemán
110 ## - ASIENTO PRINCIPAL--NOMBRE CORPORATIVO [NR]
Nombre corporativo o de jurisdicción como elemento de entrada [NR] Iglesia Católica
ID de autoridad 3579
245 00 - MENCION DE TITULO [NR]
Título [NR] Rituale romanum
Mención de responsabilidad, etc. [NR] Pauli v. Ponificis maximi et A. Benedicto XIV. auctum et Castigatum cui novissima accedit ; Benedictionunum et instructionum
250 ## - MENCION DE EDICION [NR]
Mención de edición [NR] 3a. ed.
260 ## - PUBLICACION, DISTRIBUCION, ETC. (PIE DE IMPRENTA) [R]
Lugar de publicación, distribución, etc. [R] Ratisbona (Baviera, Alemania)
Nombre del editor, distribuidor, etc. [R] Sumptibus
Fecha de publicación, distribución, etc. [R] 1892
300 ## - DESCRIPCION FISICA [R]
Extensión [R] 318 páginas
650 04 - ASIENTO SECUNDARIO DE MATERIA - TERMINO TEMATICO [R]
Término temático o nombre geográfico como elemento de entrada [NR] Liturgia
9 (RLIN) 18768
650 04 - ASIENTO SECUNDARIO DE MATERIA - TERMINO TEMATICO [R]
Término temático o nombre geográfico como elemento de entrada [NR] Oficio divino
9 (RLIN) 20713
942 ## - ELEMENTOS DE ENTRADA AGREGADOS (KOHA)
Tipo de ítem principal el descrito en 300a Libro
Tema principal Religión
Edición 3
Parte restante de la signatura top. I45
Título oculto en OPAC No
Sistema de clasificación DEWEY
Clasificación 264
Existencias
Signatura topográfica Código de barras Última vez visto Volúmen / Fascículo Ejemplar Price effective from Tipo de ítem Perdido Sistema de clasificación Dañado No prestable Tipo de ítem específico Suprimido Ubicación habitual Ubicación actual Localización Fecha de creación Forma de adquisición Costo
FCS 264 I45 120001327 09/07/2012 1892 Ej.1 03/02/2013 Libro   DEWEY     Fondos especiales     Archivo Histórico Archivo histórico 28/02/2003 Donación 1000.00